00947ntm a22002177a 450000500170000000800410001704000280005808200170008610000300010324501480013326000100028130000410029150001820033259000170051465000400053165300230057165500090059494200080060399900170061195201010062820170810124929.0170802s2013 xx a frb 000 0 eng d aEG-ScBUEbengcEG-ScBUE04222a624bFOU1 aFouad, Hatem Fouad Mitry.10aMasonry construction as opposed to reinforced concrete construction in law and medium rise residential compounds /cby Hatem Fouad Mitry Fouad. c2013. aix, 133 p. : bill. (col.) ;c28 cm. aA dissertation submitted to the faculty of engineering. the British university in egypt, in partial fulfillment of the requirements for the bachelor degree in civil engineering. abasant mousa 72BUEshaCivil Engineering.vProjects bENGCIVcAugust2017 vSPRO 2ddc c25282d25254 00102ddc4070aMAINbMAINc2NDd2017-08-08l0o624 FOUp000046646r2025-07-15 00:00:00yPROJST